000 00663cam a2200217 4500500
005 20260405000647.0
041 _afre
042 _adc
100 1 0 _aLegros, Martin
_eauthor
245 0 0 _aL’Amérique. Pourquoi elle ne pense pas comme nous
260 _c2008.
500 _a29
690 _aComportementalisme
690 _aDémocratie
690 _aLibéralisme
690 _aNéoconservatisme
690 _aPragmatisme
690 _aPuritanisme
786 0 _nPhilosophie magazine | 24 | 11 | 2008-11-01 | p. 13-13 | 1951-1787
856 4 1 _uhttps://shs.cairn.info/magazine-philosophie-magazine-2008-11-page-13?lang=fr&redirect-ssocas=7080
999 _c2039455
_d2039455